Interkulturelle und Interreligiöse Kompetenz in Theorie und Praxis

Pokus o spojenie a vysvetlenie medzikultúrnej kompetencie a medzináboženskej kompetencie v rámci EÚ. Na základe predložených teórií kompetencií je tematika zachytená viacerými autormi. Zdôraznená je tiež nutnosť uvedených kompetencií pre obchodnú komunikáciu ľudí ovplyvnených rôznymi kultúrami.

Gespeichert in:
Bibliographische Detailangaben
1. Verfasser: Helmová, Milena, 1954-
Format: Buchkapitel
Sprache:Deutsch
Schlagworte:
Tags: Tag hinzufügen
Keine Tags, Fügen Sie das erste Tag hinzu!

MARC

LEADER 00000naa a2200000 4500
001 0257571
005 20240502074103.6
041 0 |a ger 
044 |a SK 
245 1 0 |a Interkulturelle und Interreligiöse Kompetenz in Theorie und Praxis  |c Milena Helmová 
520 |a Pokus o spojenie a vysvetlenie medzikultúrnej kompetencie a medzináboženskej kompetencie v rámci EÚ. Na základe predložených teórií kompetencií je tematika zachytená viacerými autormi. Zdôraznená je tiež nutnosť uvedených kompetencií pre obchodnú komunikáciu ľudí ovplyvnených rôznymi kultúrami. 
610 2 0 |a jazyky cudzie 
610 2 0 |a nemčina 
610 2 0 |a kultúra 
610 2 0 |a vzťahy interkultúrne 
610 2 0 |a náboženstvo 
610 2 0 |a multikulturalizmus 
610 2 0 |a komunikácia obchodná 
100 1 |a Helmová, Milena, 1954-